000 00690nam a22002177a 4500
003 UA-OsUOA
001 103779
007 ta
008 20131119b un ||||| |||| 00| 0 ukr d
100 _aСкорульська Р.
090 _a82
_bС44
942 _cSA
040 _aUA-OsUOA
_bukr
_cUA-OsUOA
_dUA-OsUOA
245 _aКомпозиор Микола Лисенко в житті Лесі Українки
300 _aС.58-62
955 _a0
041 _aukr
080 _a82
773 0 _w103777
_tУкраїнська мова й література в сучасній школі
_dК.
_d2013
_g9
650 7 _a82 Література. Літературознавство
_2UDC
999 _c390146
_d390146